000 00850na a2200253 4500
001 20238
003 MIRAKIL
005 20181213155148.0
008 170116b tu 000 0
035 _a20238
040 _aMilas
_btur
_cTR-AnCHP
041 _atur
082 _aCHP 324.2372
_bT66k 1993
090 _aCHP 324.2372 T66k 1993
100 _aToprakoğlu, Celal
245 _aKapitalist politikaların ötesine geçmek için alternatif program
_cCelal Toprakoğlu
260 _aİstanbul
_bDemos Yayıncılık
_c1993
300 _a148 s.
_c20 sm.
490 _aİnceleme-Araştırma Dizisi
500 _aDış kapakta yapıt başka adı: CHP yeniden açılırken alternatif program
610 _aCumhuriyet Halk Partisi (CHP)
_xProgramlar
_yÖneriler
650 _aSiyasal partiler
_xParti programları
_yÖneriler
942 _2ddc
_cBKS
999 _c7765
_d7765